Computational fluid dynamics : March 2-6, 1987 /

Bibliographic Details
Other Authors: Essers, J. A. (Jean-André), 1948-
Format: Book
Language:English
Published: Rhode Saint Genèse, Belgium : Von Karman Institute for Fluid Dynamics, 1987.
Series:Lecture series (Von Karman Institute for Fluid Dynamics) ; 1987-04.
Subjects:

MARC

Tag First Indicator Second Indicator Subfields
LEADER 00000cam a2200000Ma 4500
001 in00000008645
008 871022s1987 be a b 100 0 eng d
005 20250225211945.7
019 |a 16502983 
035 |a (OCoLC)ocm26691312  
035 |a (OCoLC)26691312  |z (OCoLC)16502983 
035 |a (OCoLC)ocm26691312  
040 |a NUI  |b eng  |c NUI  |d VPI  |d OCL  |d OCLCQ  |d OCLCF  |d OCLCQ  |d OCLCO  |d OCL  |d OCLCO  |d OCLCL 
050 4 |a TA357  |b .C586 1987 
245 0 0 |a Computational fluid dynamics :  |b March 2-6, 1987 /  |c lecture series director, J.-A. Essers. 
260 |a Rhode Saint Genèse, Belgium :  |b Von Karman Institute for Fluid Dynamics,  |c 1987. 
300 |a 1 volume (various pagings) :  |b illustrations ;  |c 29 cm. 
336 |a text  |b txt  |2 rdacontent 
337 |a unmediated  |b n  |2 rdamedia 
338 |a volume  |b nc  |2 rdacarrier 
490 1 |a Lecture series,  |x 0377-8312 ;  |v 1987-04 
504 |a Includes bibliographical references. 
650 0 |a Fluid dynamics  |x Mathematical models  |v Congresses. 
650 6 |a Dynamique des fluides  |x Modèles mathématiques  |v Congrès. 
650 7 |a Fluid dynamics  |x Mathematical models.  |2 fast  |0 (OCoLC)fst00927982 
655 7 |a Conference papers and proceedings.  |2 fast  |0 (OCoLC)fst01423772 
700 1 |a Essers, J. A.  |q (Jean-André),  |d 1948-  |1 https://id.oclc.org/worldcat/entity/E39PCjt6CpCj4HT3cXmmTqBCYq 
758 |i has work:  |a Computational fluid dynamics (Text)  |1 https://id.oclc.org/worldcat/entity/E39PCFVJ776FJKfXtrdgPGf7RC  |4 https://id.oclc.org/worldcat/ontology/hasWork 
830 0 |a Lecture series (Von Karman Institute for Fluid Dynamics) ;  |v 1987-04. 
948 |h HELD BY TXA - 16 OTHER HOLDINGS 
994 |a Z0  |b TXA 
999 f f |s 1ea62238-a28e-36c2-83f3-89739c50dafc  |i 83971e37-7ec1-3bd9-846c-63040c71ce04  |t 0 
952 f f |p ric  |a Texas A&M University  |b Rellis Campus  |c Joint Library Facility  |d Remote Storage  |t 0  |e TA357 .C58797 1987  |h Library of Congress classification  |i unmediated -- volume  |m A14812617307 
998 f f |a TA357 .C58797 1987  |t 0  |l Remote Storage